[Event "Nova Gorica op-B 12th"]
[Site "Nova Gorica"]
[Date "2007.01.30"]
[Round "8"]
[White "Vidali, Joze"]
[Black "Skrinjar, Matic"]
[Result "0-1"]
[WhiteElo "1909"]
[BlackElo "1783"]
[PlyCount "26"]
[EventDate "2007.01.26"]
[EventType "swiss"]
[EventRounds "9"]
[EventCountry "SLO"]
[SourceTitle "CBM 116 Extra"]
[Source "ChessBase"]
[SourceDate "2007.03.07"]
[SourceVersion "1"]
[SourceVersionDate "2007.03.07"]
[SourceQuality "1"]

1. c4 c5 2. d3 Nf6 3. Nf3 d6 4. Nc3 Bg4 5. e4 Nc6 6. Be2 e6 7. h3 Bh5 8. Bf4 e5 9. Bd2 Be7 10. Nd5 Qd7 11. Nxe5 Nxe5 12. Bxh5 Nxd3+ 13. Kf1 Nxb2 0-1

[Event "Nova Gorica op-B 12th"]
[Site "Nova Gorica"]
[Date "2007.01.27"]
[Round "3"]
[White "Muradore, Aldo"]
[Black "Vidali, Joze"]
[Result "0-1"]
[WhiteElo "1500"]
[BlackElo "1909"]
[PlyCount "96"]
[EventDate "2007.01.26"]
[EventType "swiss"]
[EventRounds "9"]
[EventCountry "SLO"]
[SourceTitle "CBM 116 Extra"]
[Source "ChessBase"]
[SourceDate "2007.03.07"]
[SourceVersion "1"]
[SourceVersionDate "2007.03.07"]
[SourceQuality "1"]

1. Nf3 Nf6 2. d4 d5 3. g3 c6 4. Bg2 e6 5. Bg5 Be7 6. 0-0 0-0 7. Nbd2 Nbd7 8. c4 h6 9. Bxf6 Nxf6 10. c5 Qc7 11. Ne5 Nd7 12. Ndf3 Nxe5 13. Nxe5 Bxc5 14. e3 Bd6 15. Nd3 b6 16. Rc1 Qd7 17. Bh3 Bb7 18. f4 f5 19. Rc2 Rac8 20. g4 Kh7 21. g5 g6 22. gxh6 Ba6 23. Rff2 c5 24. Ne1 Be7 25. Nf3 Bf6 26. Bf1 Bxf1 27. Qxf1 cxd4 28. exd4 Rxc2 29. Rxc2 Rc8 30. Rg2 Rg8 31. Kh1 Kxh6 32. Qd1 Qf7 33. h4 Rh8 34. Qc1 Kg7 35. Rh2 Qe7 36. Kg2 Qd7 37. Kg3 Qe7 38. Rc2 Rd8 39. h5 gxh5 40. Kh3 Kh7 41. Qd1 Qf7 42. Ng5+ Bxg5 43. fxg5 Rg8 44. Kh4 Qg6 45. Qc1 f4 46. Rc7+ Rg7 47. Rxg7+ Kxg7 48. Qxf4 Qe4 0-1

[Event "Nova Gorica op-B 12th"]
[Site "Nova Gorica"]
[Date "2007.01.27"]
[Round "2"]
[White "Vidali, Joze"]
[Black "Vrban, Rok"]
[Result "0-1"]
[WhiteElo "1909"]
[BlackElo "1704"]
[PlyCount "150"]
[EventDate "2007.01.26"]
[EventType "swiss"]
[EventRounds "9"]
[EventCountry "SLO"]
[SourceTitle "CBM 116 Extra"]
[Source "ChessBase"]
[SourceDate "2007.03.07"]
[SourceVersion "1"]
[SourceVersionDate "2007.03.07"]
[SourceQuality "1"]

1. e4 e5 2. Nf3 Nf6 3. d3 Nc6 4. c3 d5 5. Nbd2 Bg4 6. Be2 dxe4 7. dxe4 Qd7 8. Qc2 Bc5 9. 0-0 a6 10. Rd1 Qe7 11. Nf1 0-0 12. Be3 Rfd8 13. h3 Bh5 14. b4 Bxe3 15. Nxe3 Bg6 16. Nd2 Na7 17. Bf3 c5 18. a3 cxb4 19. axb4 Rac8 20. Qb3 Nb5 21. Rac1 Rd3 22. Ndc4 Bxe4 23. Be2 Nd4 24. Qa2 Nxe2+ 25. Qxe2 Rcd8 26. f3 Bg6 27. Nb2 R3d7 28. Rxd7 Rxd7 29. Rd1 e4 30. f4 h6 31. g3 b5 32. Rxd7 Qxd7 33. Kg2 Bf5 34. Nxf5 Qxf5 35. Nd1 Qd5 36. Ne3 Qc6 37. Qd2 h5 38. Qd8+ Kh7 39. Qd4 Ne8 40. Qe5 Nf6 41. Kf2 Qd7 42. Qf5+ Qxf5 43. Nxf5 Nd5 44. Nd6 Nxc3 45. Nxf7 Nd5 46. Ng5+ Kg6 47. Nxe4 Nxb4 48. g4 hxg4 49. hxg4 Nd5 50. f5+ Kf7 51. Ke2 Nf6 52. Nc5 a5 53. g5 Ne8 54. Kd3 Nd6 55. f6 gxf6 56. gxf6 Kxf6 57. Kc3 Ke5 58. Kb3 Kd5 59. Nd3 Nb7 60. Nf4+ Ke5 61. Ne2 Kd6 62. Nc3 Kc5 63. Ne4+ Kd4 64. Nd2 Kd3 65. Nf3 Nc5+ 66. Ka3 Kc3 67. Ng1 b4+ 68. Ka2 a4 69. Ne2+ Kc4 70. Nc1 Na6 71. Kb2 Nc7 72. Ka2 Nb5 73. Kb2 b3 74. Ne2 a3+ 75. Ka1 Nc3 0-1

[Event "St Veit op 25th"]
[Site "St Veit"]
[Date "2006.07.08"]
[Round "1"]
[White "Vidali, Joze"]
[Black "Diermair, Andreas"]
[Result "0-1"]
[WhiteElo "1911"]
[BlackElo "2357"]
[PlyCount "58"]
[EventDate "2006.07.08"]
[EventType "swiss"]
[EventRounds "9"]
[EventCountry "AUT"]
[SourceTitle "CBM 113 Extra"]
[Source "ChessBase"]
[SourceDate "2006.09.14"]
[SourceVersion "1"]
[SourceVersionDate "2006.09.14"]
[SourceQuality "1"]

1. e4 e5 2. Nf3 Nc6 3. Bc4 Nf6 4. Nc3 Nxe4 5. Bxf7+ Kxf7 6. Nxe4 d5 7. Neg5+ Kg8 8. d4 h6 9. Nh3 e4 10. Nfg1 Qf6 11. Be3 Bd6 12. Qd2 Kh7 13. Ne2 Bxh3 14. gxh3 Rhf8 15. 0-0-0 Qh4 16. Ng3 Qxh3 17. Rdg1 Rf7 18. Qe2 Raf8 19. Qh5 Qxh5 20. Nxh5 g6 21. Ng3 Rf3 22. Nf1 Ne7 23. h4 c6 24. Nd2 R3f5 25. c4 Bb4 26. c5 Bxd2+ 27. Kxd2 Rf3 28. Rg2 Nf5 29. Rhh2 Nxd4 0-1

[Event "SLO-chT2 West"]
[Site "Kranj"]
[Date "2005.10.15"]
[Round "2.6"]
[White "Bavec, Vinko"]
[Black "Vidali, Joze"]
[Result "0-1"]
[WhiteElo "1659"]
[BlackElo "1922"]
[PlyCount "74"]
[EventDate "2005.10.14"]
[EventType "team"]
[EventRounds "5"]
[EventCountry "SLO"]
[SourceTitle "EXT 2009"]
[Source "ChessBase"]
[SourceDate "2008.11.26"]
[SourceVersion "1"]
[SourceVersionDate "2008.11.26"]
[SourceQuality "1"]

1. d4 d5 2. c4 c6 3. Nc3 Nf6 4. e3 e6 5. Nf3 a6 6. Bd3 Bd6 7. cxd5 exd5 8. 0-0 Bg4 9. Be2 Qe7 10. Nd2 h5 11. Nf3 Bxf3 12. Bxf3 Bxh2+ 13. Kxh2 Ng4+ 14. Kh3 Qe6 15. Bxg4 hxg4+ 16. Kg3 f5 17. f4 Qh6 18. Kf2 Qh4+ 19. Ke2 Nd7 20. Qe1 Qe7 21. a3 0-0-0 22. b4 Nf6 23. Bd2 Rh2 24. Rg1 Rdh8 25. Kd1 Ne4 26. Rc1 Nxc3+ 27. Rxc3 Qe4 28. Qf1 Qb1+ 29. Ke2 Qe4 30. a4 R8h3 31. Ke1 Rg3 32. b5 Rgxg2 33. Rxg2 Rxg2 34. bxa6 Kb8 35. axb7 Rh2 36. Rxc6 Rh1 37. Rg6 Qb1+ 0-1

[Event "Kranj op 2nd"]
[Site "Kranj"]
[Date "2005.07.04"]
[Round "8"]
[White "Vidali, Joze"]
[Black "Hasanagic, Alim"]
[Result "0-1"]
[WhiteElo "1922"]
[BlackElo "2024"]
[PlyCount "90"]
[EventDate "2005.06.??"]
[EventType "swiss"]
[EventRounds "9"]
[EventCountry "SLO"]
[SourceTitle "EXT 2006"]
[Source "ChessBase"]
[SourceDate "2005.11.24"]
[SourceVersion "1"]
[SourceVersionDate "2005.11.24"]
[SourceQuality "1"]

1. d4 Nf6 2. e3 g6 3. Bd3 Bg7 4. c3 0-0 5. Nf3 d6 6. 0-0 Nc6 7. e4 Bg4 8. h3 Bxf3 9. Qxf3 e5 10. d5 Ne7 11. Qe2 Nd7 12. f4 exf4 13. Bxf4 h6 14. Bh2 Ne5 15. Nd2 c6 16. Kh1 cxd5 17. exd5 Nxd5 18. Be4 Nf6 19. Bxe5 dxe5 20. Nb3 Qc7 21. Rfd1 Rad8 22. Bc2 Nh5 23. Qg4 b6 24. Rxd8 Rxd8 25. Rd1 Nf4 26. Qf3 Rxd1+ 27. Qxd1 Qc6 28. Qf3 Qxf3 29. gxf3 Nxh3 30. Nd2 Ng5 31. Kg2 Kf8 32. Kg3 Ke7 33. f4 exf4+ 34. Kxf4 Ne6+ 35. Kf3 f5 36. Nc4 Ng5+ 37. Kf4 Bf6 38. Ne3 Ne6+ 39. Kf3 Bg5 40. b4 h5 41. a4 h4 42. Bb3 Bxe3 43. Kxe3 g5 44. c4 Kd6 45. a5 bxa5 0-1

[Event "Kranj op 2nd"]
[Site "Kranj"]
[Date "2005.07.01"]
[Round "4"]
[White "Milijasevic, Branko"]
[Black "Vidali, Joze"]
[Result "0-1"]
[WhiteElo "2000"]
[BlackElo "1922"]
[PlyCount "138"]
[EventDate "2005.06.??"]
[EventType "swiss"]
[EventRounds "9"]
[EventCountry "SLO"]
[SourceTitle "EXT 2006"]
[Source "ChessBase"]
[SourceDate "2005.11.24"]
[SourceVersion "1"]
[SourceVersionDate "2005.11.24"]
[SourceQuality "1"]

1. d4 d5 2. c4 c6 3. Nc3 Nf6 4. e3 a6 5. Nf3 e6 6. a3 Bd6 7. c5 Bc7 8. b4 Nbd7 9. h3 0-0 10. Bd3 e5 11. e4 dxe4 12. Nxe4 exd4 13. Nd6 Bxd6 14. cxd6 Re8+ 15. Be2 Ne5 16. Nxe5 Rxe5 17. Bf4 Re8 18. Qxd4 Re4 19. Qd2 Qe8 20. Be3 Nd5 21. Bf3 Re5 22. 0-0 Nxe3 23. fxe3 Be6 24. Rfd1 Rd8 25. e4 f6 26. Rab1 Qg6 27. Kh1 Qg3 28. Rb2 Bxh3 29. Qf2 Qxf2 30. Rxf2 Be6 31. a4 h5 32. Rfd2 Rd7 33. Bxh5 Rxh5+ 34. Kg1 Re5 35. Rd4 g6 36. b5 axb5 37. axb5 cxb5 38. Rc1 Bc4 39. Ra1 Re8 40. Re1 Kf7 41. g4 Ke6 42. Red1 Red8 43. g5 Rxd6 44. Rxd6+ Rxd6 45. Ra1 fxg5 46. Ra8 Ke5 47. Re8+ Re6 48. Rb8 Kxe4 49. Rxb7 Rf6 50. Re7+ Kf4 51. Kf2 g4 52. Re1 g3+ 53. Kg2 Bd5+ 54. Kg1 Re6 55. Rf1+ Kg4 56. Rb1 Bc4 57. Kg2 Rf6 58. Rb2 Rf2+ 59. Rxf2 gxf2 60. Kxf2 Kf4 61. Kg2 b4 62. Kf2 b3 63. Ke1 b2 64. Kd2 b1Q 65. Kc3 Qd3+ 66. Kb2 Qb3+ 67. Kc1 Qa2 68. Kd1 Bd3 69. Ke1 Qe2# 0-1

[Event "Kranj op 2nd"]
[Site "Kranj"]
[Date "2005.06.30"]
[Round "3"]
[White "Vidali, Joze"]
[Black "Orel, Simona"]
[Result "0-1"]
[WhiteElo "1922"]
[BlackElo "2022"]
[PlyCount "72"]
[EventDate "2005.06.??"]
[EventType "swiss"]
[EventRounds "9"]
[EventCountry "SLO"]
[SourceTitle "EXT 2006"]
[Source "ChessBase"]
[SourceDate "2005.11.24"]
[SourceVersion "1"]
[SourceVersionDate "2005.11.24"]
[SourceQuality "1"]

1. d4 d5 2. Bf4 Nf6 3. Nf3 c6 4. Nbd2 Bf5 5. Nh4 Bg6 6. Nxg6 hxg6 7. h3 e6 8. e3 Bd6 9. Bxd6 Qxd6 10. Qf3 Nbd7 11. 0-0-0 a5 12. e4 dxe4 13. Nxe4 Nxe4 14. Qxe4 Rd8 15. g3 Nf6 16. Qe5 Qxe5 17. dxe5 Rxd1+ 18. Kxd1 Ng4 19. Ke2 Nxe5 20. b3 Ke7 21. Bg2 Rd8 22. Rd1 Rxd1 23. Kxd1 Kd6 24. Kd2 g5 25. c3 b5 26. a3 f5 27. Bf1 Nd7 28. b4 axb4 29. axb4 e5 30. Bg2 Nf6 31. Kd3 Nd5 32. f3 g6 33. Bf1 Nf6 34. Bg2 Nh5 35. c4 bxc4+ 36. Kxc4 Nxg3 0-1

[Event "Kranj op 2nd"]
[Site "Kranj"]
[Date "2005.06.29"]
[Round "2"]
[White "Rozman, Mitja"]
[Black "Vidali, Joze"]
[Result "1-0"]
[WhiteElo "1663"]
[BlackElo "1922"]
[PlyCount "61"]
[EventDate "2005.06.??"]
[EventType "swiss"]
[EventRounds "9"]
[EventCountry "SLO"]
[SourceTitle "EXT 2006"]
[Source "ChessBase"]
[SourceDate "2005.11.24"]
[SourceVersion "1"]
[SourceVersionDate "2005.11.24"]
[SourceQuality "1"]

1. e4 d6 2. d4 Nf6 3. Nc3 c6 4. Bc4 b5 5. Bd3 e5 6. d5 b4 7. Nce2 c5 8. c4 a5 9. f4 Qc7 10. Nf3 Be7 11. 0-0 Nbd7 12. Ng3 Nb6 13. Be2 Ba6 14. fxe5 Nfd7 15. Nf5 Bf8 16. exd6 Bxd6 17. Nxg7+ Kd8 18. Bg5+ Kc8 19. Nf5 Bxc4 20. Nxd6+ Qxd6 21. Bxc4 Nxc4 22. Rc1 Nce5 23. Bf6 Rg8 24. Bxe5 Qxe5 25. Rxc5+ Kd8 26. Qc2 Rg7 27. Rc1 Qd4+ 28. Kh1 Ra7 29. Rc8+ Ke7 30. Qc6 Qe5 31. Re8+ 1-0

[Event "Kranj op 2nd"]
[Site "Kranj"]
[Date "2005.06.28"]
[Round "1"]
[White "Vidali, Joze"]
[Black "Furlan, Miha"]
[Result "0-1"]
[WhiteElo "1922"]
[BlackElo "2325"]
[PlyCount "105"]
[EventDate "2005.06.??"]
[EventType "swiss"]
[EventRounds "9"]
[EventCountry "SLO"]
[SourceTitle "EXT 2006"]
[Source "ChessBase"]
[SourceDate "2005.11.24"]
[SourceVersion "1"]
[SourceVersionDate "2005.11.24"]
[SourceQuality "1"]

1. d4 e6 2. e3 Nf6 3. Bd3 c5 4. c3 b6 5. Nf3 Ba6 6. Bxa6 Nxa6 7. Nbd2 Be7 8. 0-0 0-0 9. Re1 Qc7 10. Qe2 Qb7 11. Ne5 d5 12. f4 Nc7 13. g4 Nce8 14. g5 Nd7 15. Nxd7 Qxd7 16. Nf3 Nd6 17. h4 Qe8 18. Nd2 Nf5 19. Qg4 cxd4 20. exd4 b5 21. Nf3 b4 22. h5 bxc3 23. bxc3 Rc8 24. Bd2 Nd6 25. g6 Ne4 26. Rxe4 dxe4 27. Ne5 f5 28. gxh7+ Kxh7 29. Qg6+ Qxg6+ 30. hxg6+ Kg8 31. Kf2 Bf6 32. Nd7 Rfd8 33. Ne5 Bxe5 34. fxe5 Rb8 35. Be3 Rdc8 36. Rc1 Rb2+ 37. Kg3 Rc4 38. d5 exd5 39. Bd4 Rc6 40. Rf1 Rxg6+ 41. Kf4 Rxa2 42. Kxf5 Raa6 43. Rb1 Rgc6 44. Rb8+ Kh7 45. Rb1 g6+ 46. Kg5 Kg8 47. Rb8+ Kf7 48. Rh8 Ra2 49. Rb8 Rg2+ 50. Kf4 g5+ 51. Ke3 Rg3+ 52. Kd2 Rd3+ 53. Kc2 0-1

[Event "Kranj op 1st"]
[Site "Kranj"]
[Date "2004.05.07"]
[Round "1"]
[White "Vidali, Joze"]
[Black "Kuljasevic, Davorin"]
[Result "0-1"]
[WhiteElo "1942"]
[BlackElo "2408"]
[PlyCount "84"]
[EventDate "2004.05.07"]
[EventType "swiss"]
[EventRounds "9"]
[EventCountry "SLO"]
[SourceTitle "CBM 100 Extra"]
[Source "ChessBase"]
[SourceDate "2004.07.06"]
[SourceVersion "2"]
[SourceVersionDate "2004.07.06"]
[SourceQuality "1"]

1. Nf3 Nf6 2. d3 c5 3. c3 d5 4. h3 Nc6 5. Nbd2 e5 6. e4 Be7 7. Be2 0-0 8. 0-0 h6 9. Re1 Be6 10. Qc2 Qc7 11. Nf1 Rfd8 12. g4 c4 13. Ng3 cxd3 14. Bxd3 dxe4 15. Nxe4 Rac8 16. Nxf6+ Bxf6 17. Qe2 Re8 18. Qe4 Rcd8 19. Qh7+ Kf8 20. g5 hxg5 21. Bf5 Bxf5 22. Qxf5 Qd7 23. Qxd7 Rxd7 24. Nxg5 Bxg5 25. Bxg5 f6 26. Be3 Kf7 27. Rad1 Red8 28. Rxd7+ Rxd7 29. Re2 Ke6 30. Rd2 Rxd2 31. Bxd2 Kd5 32. Kf1 e4 33. Ke2 Ne5 34. b3 b5 35. Bf4 Nf3 36. Bb8 a6 37. Ke3 f5 38. Kf4 g6 39. h4 Nxh4 40. Kg5 Ng2 41. Kxg6 f4 42. Kf5 e3 0-1

[Event "Finkenstein op"]
[Site "Finkenstein"]
[Date "1995.??.??"]
[Round "2"]
[White "Regatschnig, Horst"]
[Black "Vidali, Joze"]
[Result "1/2-1/2"]
[WhiteElo "1800"]
[BlackElo "1665"]
[PlyCount "102"]
[EventDate "1995.??.??"]
[EventType "swiss"]
[EventRounds "9"]
[EventCountry "AUT"]
[SourceTitle "EXT 1997"]
[Source "ChessBase"]
[SourceDate "1996.11.15"]
[SourceVersion "1"]
[SourceVersionDate "1996.11.15"]
[SourceQuality "1"]

1. d4 Nf6 2. Bg5 c5 3. Bxf6 gxf6 4. d5 Qb6 5. Qc1 Bg7 6. c3 d6 7. g3 Bf5 8. Bg2 Nd7 9. Nf3 h5 10. Nbd2 Ne5 11. Nxe5 fxe5 12. e4 Bd7 13. h4 Qc7 14. Qc2 b5 15. 0-0 Rb8 16. c4 b4 17. a4 a5 18. b3 Kd8 19. Rae1 Kc8 20. Kh2 Kb7 21. Bh3 Bxh3 22. Kxh3 Qd7+ 23. Kh2 Qg4 24. Qd1 Qg6 25. Qf3 Bh6 26. Rd1 Rbf8 27. Qf5 Qxf5 28. exf5 Bxd2 29. Rxd2 Rhg8 30. f4 f6 31. Rdf2 Rg4 32. fxe5 dxe5 33. Rd2 Kc7 34. Rfd1 Kd6 35. Re2 Rd4 36. Rde1 Rg8 37. Re4 Rg4 38. Rxg4 Rxg4 39. Kg2 Rd4 40. Kf3 Rd3+ 41. Re3 e4+ 42. Kxe4 Rxe3+ 43. Kxe3 Ke5 44. Kf3 Kxf5 45. Ke3 Ke5 46. Kf3 f5 47. Ke3 e6 48. dxe6 Kxe6 49. Kf3 Ke5 50. Ke3 Kf6 51. Kf4 Ke6 1/2-1/2